Bl thaï actor #4 - Statistiques

Statistiques générales
  • Ce quiz a été pris 117 fois
  • Le résultat moyen est 14 sur 19
Statistiques - réponses
Par images Réponse % Correct
Book
90%
Zee
90%
Force
89%
Boss
84%
Gawin
83%
Noeul
83%
Joss
81%
New
80%
New
80%
Apo
78%
Jimmy
77%
Sea
75%
Mile
73%
Ohm
63%
Tay
63%
Boom
54%
Smart
51%
Fluke
46%
James
11%
Aucun quiz correspondant
Distribution des résultats
% des personnes avec chaque résultat
Percentile par nombre de réponses
Votre historique - résultats
Vous n’avez pas pris ce quiz